[Event "CZE-chT2B 1516"]
[Site "Czech Republic"]
[Date "2016.02.21"]
[Round "8.8"]
[White "Nevoral, Lukas"]
[Black "Frank, Miroslav"]
[Result "1/2-1/2"]
[WhiteElo "1830"]
[BlackElo "1855"]
[PlyCount "37"]
[EventDate "2015.10.18"]
[EventType "team-tourn"]
[EventRounds "11"]
[EventCountry "CZE"]
[SourceTitle "EXT 2022"]
[Source "ChessBase"]
[SourceDate "2021.10.06"]
[SourceVersion "1"]
[SourceVersionDate "2021.10.06"]
[SourceQuality "1"]
[WhiteTeam "Unichess II"]
[BlackTeam "Turnov Zikuda II"]
[WhiteTeamCountry "CZE"]
[BlackTeamCountry "CZE"]

1. d4 Nf6 2. c4 e6 3. Nc3 d5 4. Bg5 Be7 5. Nf3 b6 6. e3 0-0 7. Bd3 dxc4 8. Bxc4 Bb7 9. 0-0 Nd5 10. Bxe7 Qxe7 11. Rc1 Nxc3 12. Rxc3 c6 13. Bb3 Nd7 14. a3 Rac8 15. Ba2 c5 16. d5 exd5 17. Bxd5 Bxd5 18. Qxd5 Nf6 19. Qc4 1/2-1/2